Breaking the Dead Silence : Engaging with the Legacies of Empire and Slave-Ownership in Bath and Bristol's Memoryscapes.

Diverse and distinctive voices in the wake of the murder of George Floyd and the toppling of the Colston statue in Bristol. Timely commentaries, insights and experiences in the memoryscape enriching and transforming an uncomfortable heritage through empathy and creativity. Multiple perspectives from...

Full description

Bibliographic Details
Main Author: Horvath, Christina.
Other Authors: White, Richard S.
Format: eBook
Language:English
Published: Liverpool : Liverpool University Press, 2024.
Edition:1st ed.
Series:Liverpool Studies in International Slavery Series
Subjects:
Online Access:Click to View
LEADER 02167nam a22004093i 4500
001 EBC31206638
003 MiAaPQ
005 20240729202206.0
006 m o d |
007 cr cnu||||||||
008 240729s2024 xx o ||||0 eng d
020 |a 9781802073782  |q (electronic bk.) 
020 |z 9781802075885 
035 |a (MiAaPQ)EBC31206638 
035 |a (Au-PeEL)EBL31206638 
035 |a (OCoLC)1429487520 
040 |a MiAaPQ  |b eng  |e rda  |e pn  |c MiAaPQ  |d MiAaPQ 
082 0 |a 325.3 
100 1 |a Horvath, Christina. 
245 1 0 |a Breaking the Dead Silence :  |b Engaging with the Legacies of Empire and Slave-Ownership in Bath and Bristol's Memoryscapes. 
250 |a 1st ed. 
264 1 |a Liverpool :  |b Liverpool University Press,  |c 2024. 
264 4 |c Ã2024. 
300 |a 1 online resource (424 pages) 
336 |a text  |b txt  |2 rdacontent 
337 |a computer  |b c  |2 rdamedia 
338 |a online resource  |b cr  |2 rdacarrier 
490 1 |a Liverpool Studies in International Slavery Series ;  |v v.22 
520 |a Diverse and distinctive voices in the wake of the murder of George Floyd and the toppling of the Colston statue in Bristol. Timely commentaries, insights and experiences in the memoryscape enriching and transforming an uncomfortable heritage through empathy and creativity. Multiple perspectives from academics, artists, activists and heritage professionals, contribute ideas and strategies towards re-telling obscured stories and getting unheard voices heard. 
588 |a Description based on publisher supplied metadata and other sources. 
590 |a Electronic reproduction. Ann Arbor, Michigan : ProQuest Ebook Central, 2024. Available via World Wide Web. Access may be limited to ProQuest Ebook Central affiliated libraries.  
655 4 |a Electronic books. 
700 1 |a White, Richard S. 
776 0 8 |i Print version:  |a Horvath, Christina  |t Breaking the Dead Silence  |d Liverpool : Liverpool University Press,c2024  |z 9781802075885 
797 2 |a ProQuest (Firm) 
830 0 |a Liverpool Studies in International Slavery Series 
856 4 0 |u https://ebookcentral.proquest.com/lib/matrademy/detail.action?docID=31206638  |z Click to View